000 00302nam a22001337a 4500
008 171020b xxu||||| |||| 00| 0 eng d
020 _a3540178104
041 _aeng
080 _a338
100 _a54
101 _aMIS
245 _aDESIGN OF OFFICE INFORMATION SYSTEMS
_cELLIS,C.A
942 _2udc
_cBK
999 _c35127
_d35127